000 00579cam a22002291 4500
001 sa 68000543
003 DLC
005 20260227112424.0
008 891025s1967 np c 000 0 newo
010 _asa 68000543
035 _a(OCoLC)20549520
040 _aDLC
_cWaU
_dDLC
042 _apremarc
043 _aa-np---
050 0 0 _aPL3801.N59
_bH72
100 1 _aHridaya, Chitta Dhar,
_d1906-1982.
245 1 0 _aJhīgu sāhitya.
260 _c[1967]
300 _a146 p.
_bports.
_c18 cm.
500 _aIn Newari.
650 0 _aNewari literature
_xHistory and criticism.
999 _c77283
_d77283